000 01282cam a2200229 4500
001 L129549
008 050428n2005 000 0 eng u
020 _a9280725653
035 _a(Sirsi) u129549
041 _aeng
050 _a551.4634
_c21
110 _aUnited Nations Environment Programme
_93690
245 _aAfter the tsunami
_brapid environmental assessment
260 _bUNEP
_c2005
300 _a141p.
520 _aThe report, published on 22 February 2005, was produced by the UNEP Asian Tsunami Task Force in close partnership with the national environmental authorities in the affected countries. It summarises the interim findings from the ongoing environmental assessment in Indonesia, the Maldives, the Seychelles, Somalia, Sri Lanka, Thailand and Yemen, which are the countries that specifically requested co-operation and assistance from UNEP. Lists urgent measures and measures to ensure long-term sustainability.
590 _aIKA190505
651 4 _aAsia
690 _aENVIRONMENTAL AND LAND CONSULTANCY-ENVIRONMENTAL MANAGEMENT-ENVIRONMENTAL ASSESSMENT
856 _uhttps://www.unep.org/conflictsanddisasters/Portals/6/documents/Publication_PDFS/Tsunami/Tsunami_REA_UNEP_dmb.pdf
_zView the report free of charge at www.unep.org...
942 _n0
999 _c104227
_d104227